[Event "StL-B-West 2002/03"]
[Site "Innsbruck / Rum"]
[Date "2003.03.22"]
[Round "10"]
[Board "2"]
[White "Bertagnolli, Alexander"]
[Black "Atlas, Dmitry"]
[Result "1-0"]
[WhiteElo "2294"]
[BlackElo "2258"]
[PlyCount "113"]

1.c4 c6 2.Nf3 d5 3.d4 e6 4.Qc2 Nf6 5.Bf4 Bd6 6.g3 O-O 7.Nbd2 b6 8.Bg2 Bb7 9.O-O
Na6 10.Bxd6 Qxd6 11.e4 dxe4 12.Nxe4 Nxe4 13.Qxe4 Qe7 14.Ne5 Rac8 15.Rfd1 Nb8
16.Rac1 Nd7 17.Nxd7 Qxd7 18.c5 b5 19.b4 Rc7 20.f4 Rd8 21.Rc2 Qe7 22.Rcd2 Qf6
23.Qe5 Rcd7 24.Qxf6 gxf6 25.Kf2 Rc7 26.Ke3 a5 27.a4 bxa4 28.Ra1 axb4 29.Rxa4 Ra8
30.Rxb4 Ra3+ 31.Kf2 Ba6 32.Rb8+ Kg7 33.Ra8 Rd3 34.Rxd3 Bxd3 35.Ke3 Bc4 36.Rd8 f5
37.Rd6 Bb5 38.Kd2 Kf6 39.Kc3 Ke7 40.Kb4 Rd7 41.Bxc6 Bxc6 42.Rxc6 Rxd4+ 43.Kb5
Rd2 44.Rc7+ Ke8 45.c6 Rxh2 46.Rb7 Kd8 47.Rxf7 Rg2 48.Kb6 Rb2+ 49.Kc5 Rb3 50.Rg7
Rd3 51.c7+ Kc8 52.Kc6 Rc3+ 53.Kd6 Rd3+ 54.Kxe6 h5 55.Kxf5 Re3 56.Kf6 Re4 57.Kg5

[Event "StL-B-West 2002/03"]
[Site "Innsbruck / Rum"]
[Date "2003.03.22"]
[Round "10"]
[Board "3"]
[White "Burschowsky, Matthias"]
[Black "Astl, Peter"]
[Result "1/2-1/2"]
[WhiteElo "2169"]
[BlackElo "2280"]
[PlyCount "28"]

1.Nf3 d5 2.c4 c6 3.b3 Bf5 4.d3 e6 5.Bb2 h6 6.g3 Nf6 7.Bg2 Nbd7 8.O-O Be7 9.Nbd2
O-O 10.a3 a5 11.Rc1 Bh7 12.Rc2 Re8 13.Qa1 Bf8 14.Rfc1 Qb6

[Event "StL-B-West 2002/03"]
[Site "Innsbruck / Rum"]
[Date "2003.03.22"]
[Round "10"]
[Board "4"]
[White "Eybl, Alexander"]
[Black "Tschohl, Christof"]
[Result "1/2-1/2"]
[WhiteElo "2233"]
[BlackElo "2127"]
[PlyCount "103"]

1.c4 e6 2.d4 d5 3.Nc3 Nf6 4.cxd5 exd5 5.Bg5 Be7 6.e3 O-O 7.Bd3 Re8 8.Qc2 Nbd7
9.Nge2 c6 10.O-O-O Nf8 11.Kb1 a5 12.f3 b5 13.e4 dxe4 14.Nxe4 Nxe4 15.Bxe7 Rxe7
16.Bxe4 Bb7 17.Nc1 Rc8 18.Nb3 g6 19.Qd2 a4 20.Nc5 Ba8 21.g4 Qd6 22.h4 Rd8 23.Qh2
Ne6 24.Qxd6 Rxd6 25.Nxe6 fxe6 26.h5 gxh5 27.Rxh5 e5 28.Rdh1 exd4 29.Bxh7+ Kf8
30.Be4 Rg7 31.Rh8+ Rg8 32.R1h6 Rxh6 33.Rxh6 Ke7 34.Bxc6 Bxc6 35.Rxc6 Rf8 36.Rc5
Rxf3 37.Rxb5 d3 38.Kc1 Rf2 39.a3 Rc2+ 40.Kd1 Kd6 41.b3 Ra2 42.bxa4 Rxa3 43.a5
Ra2 44.g5 Kc6 45.Rf5 Kb7 46.g6 Rg2 47.Rf6 Ka7 48.Rd6 d2 49.a6 Ka8 50.Rd8+ Ka7
51.Rd7+ Kxa6 52.Rxd2

[Event "StL-B-West 2002/03"]
[Site "Innsbruck / Rum"]
[Date "2003.03.22"]
[Round "10"]
[Board "5"]
[White "Sandholzer, Robert"]
[Black "Neuschmied, Siegfried"]
[Result "0-1"]
[WhiteElo "2138"]
[BlackElo "2185"]
[PlyCount "110"]

1.e4 d6 2.d4 Nf6 3.Nc3 g6 4.g3 Bg7 5.Bg2 O-O 6.Nge2 Nbd7 7.O-O c5 8.dxc5 Nxc5
9.Be3 Bd7 10.h3 Qc8 11.Kh2 Bc6 12.Bxc5 dxc5 13.f4 Rd8 14.Qe1 b5 15.e5 Bxg2
16.Kxg2 Qc6+ 17.Kh2 Ne8 18.Ng1 b4 19.Ne4 Rd4 20.Ng5 f6 21.exf6 exf6 22.N5f3 Re4
23.Qd2 Nd6 24.Rae1 Rae8 25.Qd3 f5 26.c3 bxc3 27.bxc3 Nf7 28.h4 Qa4 29.Qd5 Qc2+
30.Kh3 Bf6 31.Qxc5 Qxc3 32.Qxc3 Bxc3 33.Rc1 Ba5 34.Rc2 h6 35.Rfc1 Kg7 36.Kg2 Bb6
37.Rd1 R8e7 38.Rdd2 Re3 39.Re2 Nd6 40.Ne5 Rxe2+ 41.Nxe2 Nf7 42.Nxf7 Kxf7 43.Ng1
Bd4 44.Nf3 Bf6 45.Kf2 Rb7 46.Ke3 Re7+ 47.Kf2 Rd7 48.Ke3 Ke6 49.Rc5 Rd6 50.Ra5
Bd8 51.Re5+ Kf6 52.Rb5 Ra6 53.Rb2 Bb6+ 54.Ke2 Ra3 55.Ne5 Rxg3

[Event "StL-B-West 2002/03"]
[Site "Innsbruck / Rum"]
[Date "2003.03.22"]
[Round "10"]
[Board "1"]
[White "Mathe, Gaspar"]
[Black "Riemelmoser, Franz"]
[Result "1/2-1/2"]
[WhiteElo "2363"]
[BlackElo "2320"]
[PlyCount "78"]

1.e4 e6 2.d4 d5 3.Nc3 Bb4 4.Bd3 c5 5.exd5 Qxd5 6.Bb5+ Bd7 7.Bxd7+ Nxd7 8.Nf3
Bxc3+ 9.bxc3 Ngf6 10.O-O O-O 11.Re1 Rfd8 12.Be3 Rac8 13.Qe2 h6 14.a4 c4 15.a5
Rc6 16.Nd2 Rdc8 17.Ra4 Qf5 18.Rxc4 Qxc2 19.Rxc6 Rxc6 20.c4 Ra6 21.Qf3 Rxa5
22.Qxb7 Nb6 23.Nf3 Ng4 24.Bd2 Rf5 25.Rc1 Qa2 26.Be3 g5 27.h3 Nxe3 28.fxe3 Kg7
29.e4 Rxf3 30.gxf3 Qd2 31.Rf1 Qxd4+ 32.Kh1 Nxc4 33.Qb1 Qe3 34.Qe1 Qf4 35.Qc3+
Ne5 36.Kg2 h5 37.Qe1 Qh4 38.Qd1 Qf4 39.Qe1 Qh4

[Event "StL-B-West 2002/03"]
[Site "Innsbruck / Rum"]
[Date "2003.03.22"]
[Round "10"]
[Board "2"]
[White "Halasz, Tamas"]
[Black "Bensch, Patrick"]
[Result "1-0"]
[WhiteElo "2386"]
[BlackElo "2298"]
[PlyCount "115"]

1.d4 Nf6 2.Nf3 g6 3.c4 Bg7 4.Nc3 d5 5.Bg5 c5 6.Bxf6 Bxf6 7.cxd5 Qb6 8.Qb3 cxd4
9.Qxb6 axb6 10.Nb5 Ra4 11.b3 Ra5 12.Nbxd4 Rxd5 13.O-O-O e5 14.Nc2 Rxd1+ 15.Kxd1
O-O 16.e4 Be6 17.Bd3 Nd7 18.Kc1 Nc5 19.Rd1 Bg7 20.Ne3 Re8 21.Kb1 f6 22.Bc2 b5
23.Rd6 Bf8 24.Rb6 Kf7 25.b4 Nd7 26.Rxb5 b6 27.Kb2 Bh6 28.Bb3 Bxe3 29.fxe3 Rc8
30.Nd2 Bxb3 31.Kxb3 Ke6 32.Nc4 f5 33.exf5+ gxf5 34.a4 e4 35.Kc3 f4 36.exf4 e3
37.Kd3 e2 38.Kxe2 Rxc4 39.Kf3 Kd6 40.g4 Kc6 41.Rh5 Rxb4 42.g5 Rxa4 43.Rxh7 Ra1
44.Re7 Kd6 45.Re2 b5 46.h4 b4 47.h5 b3 48.h6 Ra2 49.h7 Ra8 50.Rh2 b2 51.Rxb2 Ke6
52.Kg4 Rh8 53.g6 Nf6+ 54.Kg5 Nxh7+ 55.gxh7 Rxh7 56.Kg6 Rh1 57.Re2+ Kd7 58.f5

[Event "StL-B-West 2002/03"]
[Site "Innsbruck / Rum"]
[Date "2003.03.22"]
[Round "10"]
[Board "3"]
[White "Ager, Josef"]
[Black "Scheffknecht, Philipp"]
[Result "1-0"]
[WhiteElo "2223"]
[BlackElo "2183"]
[PlyCount "77"]

1.d4 Nf6 2.c4 e6 3.Nf3 b6 4.a3 Bb7 5.Nc3 d5 6.cxd5 Nxd5 7.Qc2 Be7 8.Bd2 O-O 9.e4
Nxc3 10.Bxc3 Nd7 11.Rd1 Re8 12.Bc4 Nf6 13.Bd3 h6 14.O-O c6 15.Rfe1 Rc8 16.Qe2
Qc7 17.Rc1 Qb8 18.e5 Nd7 19.Qe4 Nf8 20.Qg4 c5 21.Bd2 Kh8 22.Qh5 Kg8 23.h3 cxd4
24.Nh2 Rxc1 25.Bxc1 Qd8 26.Qg4 Bg5 27.f4 Bh4 28.Rf1 f5 29.exf6 Bxf6 30.Nf3 Qd5
31.Ne5 h5 32.Qe2 Bxe5 33.fxe5 Nd7 34.Re1 Nxe5 35.Bh7+ Kh8 36.Be4 Qd7 37.Qxh5+
Kg8 38.Bh7+ Kf8 39.Qxe5

[Event "StL-B-West 2002/03"]
[Site "Innsbruck / Rum"]
[Date "2003.03.22"]
[Round "10"]
[Board "4"]
[White "Schmidlechner, Alexander"]
[Black "Knechtel, Roland"]
[Result "1-0"]
[WhiteElo "2254"]
[BlackElo "2228"]
[PlyCount "137"]

1.d4 d5 2.c4 e6 3.Nc3 Nf6 4.Bg5 Nbd7 5.e3 c6 6.Nf3 Be7 7.Qc2 O-O 8.Rd1 Re8 9.Bd3
dxc4 10.Bxc4 b6 11.O-O Bb7 12.e4 Rc8 13.e5 Nd5 14.Bxe7 Nxe7 15.Ne4 Nf5 16.Neg5
b5 17.Bd3 h6 18.Bxf5 hxg5 19.Bh7+ Kh8 20.Be4 f5 21.exf6 gxf6 22.Rfe1 Nb6 23.Qe2
Rc7 24.Nd2 Kg7 25.Nb3 Rh8 26.Nc5 Bc8 27.Bf3 Re8 28.Bh5 Ree7 29.Qe4 Qf8 30.f4 Kg8
31.fxg5 fxg5 32.Rf1 Qg7 33.Bg4 Qh7 34.Rde1 Qxe4 35.Rxe4 e5 36.Bxc8 Rxc8 37.Rf5
Rg7 38.dxe5 Kh7 39.Ne6 Re7 40.Nxg5+ Kg6 41.g4 Rd8 42.h4 Rd2 43.Rf6+ Kg7 44.Rf2
Rxf2 45.Kxf2 Nc4 46.Nf3 Nxb2 47.Kg3 c5 48.h5 Nd3 49.g5 c4 50.Nd4 c3 51.e6 Kg8
52.g6 Nc5 53.Re5 Nxe6 54.Nxe6 c2 55.Rxb5 Rxe6 56.Rc5 Kg7 57.Rxc2 Kh6 58.Kg4 Re5
59.Rh2 Ra5 60.Kf4 Rc5 61.Rg2 Rc7 62.Kf5 Kg7 63.h6+ Kg8 64.Re2 Rc5+ 65.Kf6 Rc6+
66.Re6 Rc8 67.h7+ Kh8 68.Kg5 a5 69.Kh6

[Event "StL-B-West 2002/03"]
[Site "Innsbruck / Rum"]
[Date "2003.03.22"]
[Round "10"]
[Board "5"]
[White "Spiesberger, Gerhard"]
[Black "Kranz, Armin"]
[Result "1-0"]
[WhiteElo "2093"]
[BlackElo "2153"]
[PlyCount "79"]

1.e4 e5 2.d4 exd4 3.Qxd4 Nc6 4.Qe3 Bb4+ 5.Nc3 Nf6 6.Bd2 O-O 7.O-O-O Re8 8.Bc4 d6
9.f3 Be6 10.Bxe6 Rxe6 11.Qg5 a5 12.h4 a4 13.Nd5 Bxd2+ 14.Qxd2 a3 15.b3 Re5
16.Ne3 b5 17.Ne2 Qb8 18.Nf5 Ne7 19.g4 Qb6 20.Qg5 Nxf5 21.gxf5 h6 22.Qd2 d5
23.Rhg1 Kh7 24.Nd4 c5 25.Qf4 Ree8 26.e5 cxd4 27.exf6 Qxf6 28.Qxd4 Re5 29.Rg4
Rae8 30.Rf4 Qd6 31.f6 g6 32.Qa7 Kg8 33.Rfd4 Qxf6 34.Qxa3 Qxf3 35.Qc5 Qf2 36.Qxb5
Rc8 37.R1d2 Re1+ 38.Kb2 Qg1 39.Qxd5 Qg3 40.Rc4

[Event "StL-B-West 2002/03"]
[Site "Innsbruck / Rum"]
[Date "2003.03.22"]
[Round "10"]
[Board "6"]
[White "Wallis, Toni"]
[Black "Fruehauf, Norbert"]
[Result "1-0"]
[WhiteElo "2137"]
[BlackElo "2082"]
[PlyCount "59"]

1.e4 Nc6 2.Nf3 d5 3.exd5 Qxd5 4.Nc3 Qa5 5.Be2 Bg4 6.d3 Nf6 7.O-O O-O-O 8.Ng5
Bxe2 9.Qxe2 Nd4 10.Qd1 Rg8 11.Nxf7 Re8 12.Ng5 Qf5 13.Ne2 e5 14.Ng3 Qg6 15.Be3 h5
16.c3 h4 17.N3e4 Nc6 18.b4 h3 19.g3 Be7 20.b5 Nd8 21.c4 Qf5 22.f3 Nh7 23.Nxh7
Qxh7 24.Qa4 Ref8 25.c5 Qh5 26.c6 Rxf3 27.Qxa7 bxc6 28.bxc6 Nxc6 29.Qa8+ Nb8
30.Rxf3

[Event "StL-B-West 2002/03"]
[Site "Innsbruck / Rum"]
[Date "2003.03.23"]
[Round "11"]
[Board "1"]
[White "Meissner, Bernd"]
[Black "Volke, Karsten"]
[Result "0-1"]
[WhiteElo "2382"]
[BlackElo "2450"]
[PlyCount "80"]

1.d4 Nf6 2.c4 e6 3.Nc3 Bb4 4.f3 O-O 5.e4 d5 6.cxd5 exd5 7.e5 Ne8 8.f4 c5 9.a3
Ba5 10.Nf3 Nc6 11.Be3 Bg4 12.Be2 Bxf3 13.Bxf3 cxd4 14.Bxd4 Nxd4 15.Qxd4 Nc7
16.g3 Nb5 17.Qd3 d4 18.Qxb5 dxc3 19.O-O Qb6+ 20.Qxb6 Bxb6+ 21.Kg2 cxb2 22.Rab1
Bd4 23.Bxb7 Rab8 24.Bd5 Rfd8 25.Ba2 Bc5 26.Rf3 Rd2+ 27.Kh3 Bd4 28.Kg4 Rb6 29.h4
g6 30.h5 Kg7 31.f5 gxh5+ 32.Kf4 Re2 33.Rd3 Bxe5+ 34.Kf3 Rc2 35.Rd7 Rc7 36.Rxc7
Bxc7 37.Rd1 Ra6 38.Rd3 Bd6 39.Ke4 Rxa3 40.f6+ Kg6

[Event "StL-B-West 2002/03"]
[Site "Innsbruck / Rum"]
[Date "2003.03.23"]
[Round "11"]
[Board "2"]
[White "Poettinger, Harald"]
[Black "Herbrechtsmeier, Christof"]
[Result "1/2-1/2"]
[WhiteElo "2222"]
[BlackElo "2334"]
[PlyCount "58"]

1.d4 Nf6 2.Nf3 g6 3.c4 Bg7 4.Nc3 d5 5.e3 O-O 6.Be2 dxc4 7.Bxc4 c5 8.h3 cxd4
9.exd4 Bf5 10.O-O Nc6 11.Be3 Rc8 12.Rc1 Na5 13.Be2 Nd5 14.Qa4 Nxe3 15.fxe3 Bh6
16.Kf2 a6 17.Qb4 b5 18.Qa3 Rc6 19.Ne5 Rd6 20.b4 Nc6 21.Nxc6 Rxc6 22.Bf3 Rd6
23.Rcd1 Re8 24.Rfe1 e5 25.dxe5 Rxe5 26.e4 Qb6+ 27.Kf1 Be6 28.Nd5 Bxd5 29.exd5
Bf4

[Event "StL-B-West 2002/03"]
[Site "Innsbruck / Rum"]
[Date "2003.03.23"]
[Round "11"]
[Board "3"]
[White "Kratochwil, Christian"]
[Black "Gattenloehner, Sebastian"]
[Result "1/2-1/2"]
[WhiteElo "2319"]
[BlackElo "2216"]
[PlyCount "80"]

1.c4 c6 2.e4 d5 3.cxd5 cxd5 4.exd5 Qxd5 5.Nc3 Qd8 6.d4 Nf6 7.Bc4 e6 8.Nf3 Be7
9.O-O O-O 10.Ne5 Nc6 11.Nxc6 bxc6 12.Bg5 Qa5 13.Qd2 Rd8 14.Rad1 Bb7 15.Rfe1 Rac8
16.Bf4 Ba6 17.Bb3 Qb4 18.Be5 Rd7 19.Qf4 Rcd8 20.Re3 c5 21.Rg3 Rxd4 22.Rxd4 Rxd4
23.Qg5 Rg4 24.Rxg4 Qxg4 25.Bxf6 Qxg5 26.Bxg5 Bxg5 27.Ne4 Be7 28.f4 Bb7 29.Bc2 f5
30.Nd2 Bd5 31.b3 Bf6 32.g3 Bd4+ 33.Kf1 g6 34.Ke2 Kf8 35.Nf3 Bf6 36.Bd3 Ke7 37.h3
Kd6 38.g4 a5 39.Bb5 Bxf3+ 40.Kxf3 fxg4+

[Event "StL-B-West 2002/03"]
[Site "Innsbruck / Rum"]
[Date "2003.03.23"]
[Round "11"]
[Board "4"]
[White "Mira, Helene"]
[Black "Lawitsch, Guenther"]
[Result "0-1"]
[WhiteElo "2148"]
[BlackElo "2257"]
[PlyCount "62"]

1.Nf3 d5 2.d4 Nf6 3.c4 c6 4.Nc3 e6 5.Bg5 dxc4 6.e4 b5 7.e5 h6 8.Bh4 g5 9.Nxg5
hxg5 10.Bxg5 Nbd7 11.exf6 Bb7 12.g3 Qb6 13.Bg2 O-O-O 14.O-O Bh6 15.h4 Bxg5
16.hxg5 Rhg8 17.Qh5 c5 18.dxc5 Nxc5 19.Bxb7+ Nxb7 20.Ne4 Qc6 21.Rae1 Nc5 22.Nxc5
Rh8 23.Qxh8 Rxh8 24.Ne4 Rd8 25.Re3 b4 26.Rfe1 Qd5 27.f4 Kb8 28.g6 fxg6 29.Ng5
Rh8 30.f7 Qh1+ 31.Kf2 Rh2#

[Event "StL-B-West 2002/03"]
[Site "Innsbruck / Rum"]
[Date "2003.03.23"]
[Round "11"]
[Board "5"]
[White "Hengl, Christian"]
[Black "Heilinger, Dietmar"]
[Result "1-0"]
[WhiteElo "2206"]
[BlackElo "2178"]
[PlyCount "67"]

1.e4 e6 2.d4 d5 3.e5 c5 4.c3 Qb6 5.Nf3 Bd7 6.a3 Bb5 7.b4 cxd4 8.cxd4 Bxf1 9.Kxf1
Nc6 10.Nc3 h5 11.h4 Nge7 12.Qd3 Nf5 13.Bb2 Be7 14.g3 Nfxd4 15.Nxd5 exd5 16.Bxd4
Nxd4 17.Nxd4 O-O 18.Kg2 Rfd8 19.Rhd1 a5 20.bxa5 Rxa5 21.a4 Ra6 22.Rdb1 Qc7 23.f4
Qc4 24.Qxc4 dxc4 25.Rxb7 Rxd4 26.Rxe7 c3 27.Rc7 Raxa4 28.Rxa4 Rxa4 29.Rxc3 g6
30.Kf3 Kg7 31.g4 hxg4+ 32.Kxg4 Re4 33.Rc7 Re1 34.h5

[Event "StL-B-West 2002/03"]
[Site "Innsbruck / Rum"]
[Date "2003.03.23"]
[Round "11"]
[Board "2"]
[White "Heinzel, Olaf"]
[Black "Halasz, Tamas"]
[Result "1-0"]
[WhiteElo "2371"]
[BlackElo "2386"]
[PlyCount "77"]

1.d4 d5 2.Nf3 Nf6 3.Bf4 c5 4.e3 Nc6 5.Be2 Qb6 6.Nc3 c4 7.O-O Bf5 8.Na4 Qa5 9.c3
e6 10.b4 Qd8 11.Nc5 Ne4 12.Nxe4 Bxe4 13.Nd2 Bg6 14.e4 Bd6 15.Bxd6 Qxd6 16.Bf3
O-O 17.Re1 Rae8 18.Qa4 b6 19.exd5 exd5 20.Nxc4 dxc4 21.Qxc6 Qxc6 22.Bxc6 Rxe1+
23.Rxe1 Rc8 24.Be4 Re8 25.f3 Kf8 26.Kf2 Rd8 27.Bxg6 hxg6 28.a4 f6 29.Re6 Rc8
30.Ke3 Kf7 31.d5 Rh8 32.h3 f5 33.Kd4 Rc8 34.Ke5 Rb8 35.d6 a6 36.Re7+ Kf8 37.Ke6
b5 38.a5 f4 39.Rf7+

[Event "StL-B-West 2002/03"]
[Site "Innsbruck / Rum"]
[Date "2003.03.23"]
[Round "11"]
[Board "3"]
[White "Scheffknecht, Philipp"]
[Black "Wegerle, Joerg"]
[Result "0-1"]
[WhiteElo "2183"]
[BlackElo "2365"]
[PlyCount "94"]

1.e4 c5 2.Nf3 e6 3.d4 cxd4 4.Nxd4 a6 5.Be2 Nf6 6.Nc3 Qc7 7.O-O b5 8.e5 Qxe5
9.Bf3 Ra7 10.g3 Qc7 11.Bf4 Bd6 12.Ndxb5 axb5 13.Nxb5 Bxf4 14.Nxc7+ Bxc7 15.Qd4
Ra6 16.Qc5 Nc6 17.a4 Bd8 18.c3 Ra5 19.Qd6 Ne5 20.Bg2 Be7 21.Qb8 O-O 22.Rfb1 Ba6
23.Qxf8+ Kxf8 24.b4 Bd8 25.bxa5 d5 26.Bf1 Bxf1 27.Kxf1 Bxa5 28.Rb8+ Ke7 29.Ra8
Nc4 30.f3 Nd7 31.Ke2 Nc5 32.Rb1 Nxa4 33.Rb7+ Kf6 34.Raa7 Nxc3+ 35.Kd3 Na4
36.Rxf7+ Ke5 37.f4+ Kd6 38.Rxg7 Nc5+ 39.Ke2 d4 40.Rxa5 d3+ 41.Ke1 Nxa5 42.Ra7
Nc4 43.f5 exf5 44.g4 fxg4 45.h3 g3 46.Rg7 Ne4 47.Rg4 d2+

[Event "StL-B-West 2002/03"]
[Site "Innsbruck / Rum"]
[Date "2003.03.23"]
[Round "11"]
[Board "5"]
[White "Kranz, Armin"]
[Black "Thoeny, Hermann"]
[Result "1/2-1/2"]
[WhiteElo "2153"]
[BlackElo "2134"]
[PlyCount "119"]

1.d4 Nf6 2.c4 g6 3.Nf3 Bg7 4.Nc3 d5 5.Bg5 Ne4 6.cxd5 Nxc3 7.bxc3 Qxd5 8.e3 c5
9.Be2 cxd4 10.cxd4 Nc6 11.O-O O-O 12.Bf4 Bf5 13.Qa4 a6 14.Rac1 Rfc8 15.Rc5 Qd7
16.Rfc1 Rd8 17.Qb3 Be6 18.Bc4 Bxc4 19.Qxc4 Rac8 20.h3 h6 21.Qa4 Ra8 22.Qb3 Rac8
23.Qa4 Ra8 24.Qb3 Rac8 25.Qb6 Re8 26.d5 Nb8 27.e4 Rxc5 28.Rxc5 Qa4 29.Qxb7 Nd7
30.Rc8 Rxc8 31.Qxc8+ Nf8 32.Nd2 Qxa2 33.Qc5 g5 34.Be3 Qa1+ 35.Kh2 Ng6 36.g3 Qa4
37.Nc4 Qc2 38.Qc8+ Kh7 39.Qxa6 Qxe4 40.Qc6 e6 41.Nd6 Qxd5 42.Qxd5 exd5 43.Nxf7
d4 44.Bd2 Kg8 45.Nd6 Ne5 46.Kg2 Bf8 47.Ne4 Kf7 48.f4 gxf4 49.gxf4 Nc4 50.Kf3 Kg6
51.Bc1 Kf5 52.Ng3+ Kg6 53.Ke4 Bg7 54.Kd5 Nb6+ 55.Ke6 Nc4 56.f5+ Kh7 57.f6 Bf8
58.Ne4 Kg6 59.Kd5 Nb6+ 60.Kxd4

[Event "StL-B-West 2002/03"]
[Site "Innsbruck / Rum"]
[Date "2003.03.23"]
[Round "11"]
[Board "6"]
[White "Baerner, Helmut"]
[Black "Wallis, Toni"]
[Result "0-1"]
[WhiteElo "2137"]
[BlackElo "2137"]
[PlyCount "68"]

1.d4 d5 2.Nf3 Nf6 3.e3 e6 4.Bd3 c5 5.c3 Nc6 6.Nbd2 Bd6 7.dxc5 Bxc5 8.O-O O-O
9.e4 a5 10.e5 Nd7 11.Nb3 Bb6 12.Bxh7+ Kxh7 13.Ng5+ Kg6 14.Qd3+ f5 15.Nxe6 Qh4
16.Qxd5 Re8 17.Nf4+ Kh7 18.e6 Nde5 19.Nd4 Bxd4 20.cxd4 Rd8 21.Qc5 Rxd4 22.Qf8
Rxf4 23.Bxf4 Qxf4 24.e7 Bd7 25.Qxa8 Nf3+ 26.gxf3 Nd4 27.Qxb7 Nxf3+ 28.Kg2 Qg4+
29.Kh1 Qf4 30.Kg2 Qg4+ 31.Kh1 Qh3 32.Qc7 Bc6 33.Rac1 Nxh2+ 34.f3 Nxf3+

[Event "StL-B-West 2002/03"]
[Site "Innsbruck / Rum"]
[Date "2003.03.23"]
[Round "11"]
[Board "1"]
[White "Reich, Thomas"]
[Black "Grabher, Heinz"]
[Result "1-0"]
[WhiteElo "2397"]
[BlackElo "2228"]
[PlyCount "70"]

1.d4 d5 2.c4 Nc6 3.cxd5 Qxd5 4.e3 e5 5.Nc3 Bb4 6.Bd2 Bxc3 7.bxc3 Nf6 8.c4 Qd6
9.d5 Ne7 10.Qb1 Nd7 11.Bd3 Nc5 12.Ne2 f5 13.O-O O-O 14.f4 exf4 15.exf4 Nxd5
16.cxd5 Qxd5 17.Rf3 Rd8 18.Nc1 Be6 19.Bc3 Ne4 20.Be1 Qd4+ 21.Kh1 Rd6 22.Ne2 Qf6
23.Bxe4 fxe4 24.Bc3 exf3 25.Bxf6 fxe2 26.Qc2 Bg4 27.Qc4+ Kh8 28.Bxg7+ Kxg7
29.Qxc7+ Rd7 30.Qc3+ Kg6 31.f5+ Kxf5 32.Re1 Bh5 33.h3 Bf7 34.Rxe2 Rad8 35.Qg7
Re8

[Event "StL-B-West 2002/03"]
[Site "Innsbruck / Rum"]
[Date "2003.03.23"]
[Round "11"]
[Board "2"]
[White "Atlas, Dmitry"]
[Black "Micheli, Carlo"]
[Result "0-1"]
[WhiteElo "2258"]
[BlackElo "2350"]
[PlyCount "82"]

1.e4 d6 2.d4 Nf6 3.Nc3 c6 4.f3 Qb6 5.Bc4 e5 6.Nge2 Na6 7.Bb3 exd4 8.Qxd4 Nc5
9.Be3 Qc7 10.g4 Be6 11.Na4 b5 12.Nac3 a5 13.Bxe6 fxe6 14.a3 Be7 15.O-O O-O
16.Qd2 b4 17.axb4 axb4 18.Rxa8 Rxa8 19.Nd1 d5 20.Qxb4 Ncxe4 21.Qe1 Nc5 22.Qf2
Ncd7 23.g5 Nh5 24.Qh4 g6 25.Ng3 Ng7 26.c3 Rf8 27.f4 e5 28.fxe5 Nxe5 29.Rxf8+
Bxf8 30.Kg2 Ne6 31.Ne2 Qf7 32.Qf2 Qd7 33.h3 c5 34.Qf6 Bg7 35.Qf2 d4 36.cxd4 Qd5+
37.Kg3 cxd4 38.Nxd4 Nd3 39.Qf3 Qd6+ 40.Kh4 Nxd4 41.Qa8+ Bf8

[Event "StL-B-West 2002/03"]
[Site "Innsbruck / Rum"]
[Date "2003.03.23"]
[Round "11"]
[Board "3"]
[White "Unzicker, Ferdinand"]
[Black "Burschowsky, Matthias"]
[Result "1-0"]
[WhiteElo "2283"]
[BlackElo "2169"]
[PlyCount "73"]

1.c4 Nf6 2.g3 c6 3.Bg2 d5 4.Nf3 Bf5 5.cxd5 cxd5 6.Qb3 Qc8 7.O-O Nc6 8.d3 h6
9.Bf4 e6 10.Rc1 Qd7 11.Nc3 Be7 12.e4 Bh7 13.exd5 exd5 14.Ne5 Nxe5 15.Bxe5 O-O
16.Nxd5 Nxd5 17.Qxd5 Qxd5 18.Bxd5 Bxd3 19.Bxb7 Rad8 20.Rc7 Bb4 21.Bf3 a6 22.Rd1
Ba5 23.Rb7 Rfe8 24.Bc7 Bxc7 25.Rxc7 Bb5 26.Rxd8 Rxd8 27.Rc2 Kf8 28.Kg2 Ke7
29.Be4 Ke6 30.Kf3 f5 31.Bb7 Rd1 32.h4 g5 33.hxg5 hxg5 34.Bc8+ Bd7 35.Bxa6 Rg1
36.Bc8 Bxc8 37.Rxc8

[Event "StL-B-West 2002/03"]
[Site "Innsbruck / Rum"]
[Date "2003.03.23"]
[Round "11"]
[Board "4"]
[White "Tschohl, Christof"]
[Black "Sprenger, Wendelin"]
[Result "1-0"]
[WhiteElo "2127"]
[BlackElo "2199"]
[PlyCount "55"]

1.e4 c5 2.c3 Nf6 3.e5 Nd5 4.Nf3 Nc6 5.d4 cxd4 6.cxd4 e6 7.a3 d6 8.Bd3 Qc7 9.O-O
dxe5 10.dxe5 b6 11.Re1 Bb7 12.Qa4 a6 13.Bg5 h6 14.Qh4 Rg8 15.Bd2 g5 16.Qg4 O-O-O
17.Be4 h5 18.Qxh5 g4 19.Ng5 Nxe5 20.Bc3 Nf4 21.Bxe5 Qxe5 22.Bxb7+ Kxb7 23.Qxf7+
Kb8 24.Nc3 Qxg5 25.Ne4 Qf5 26.Qxg8 Nd3 27.Re2 Rc8 28.Qg5

[Event "StL-B-West 2002/03"]
[Site "Innsbruck / Rum"]
[Date "2003.03.23"]
[Round "11"]
[Board "1"]
[White "Grundherr, Martin"]
[Black "Mathe, Gaspar"]
[Result "1/2-1/2"]
[WhiteElo "2343"]
[BlackElo "2363"]
[PlyCount "68"]

1.e4 e5 2.Nf3 Nf6 3.Nc3 Nc6 4.g3 g6 5.Bg2 Bg7 6.O-O O-O 7.d3 d6 8.h3 Re8 9.Be3
d5 10.exd5 Nxd5 11.Nxd5 Qxd5 12.Nd4 Qd6 13.Nxc6 bxc6 14.Qf3 Bd7 15.Qe4 Reb8
16.Rab1 Rb4 17.Qf3 e4 18.dxe4 Rxb2 19.Rxb2 Bxb2 20.Rd1 Qe7 21.Bd4 Bxd4 22.Rxd4
Be6 23.Qc3 Bxa2 24.Ra4 Be6 25.Qxc6 Qd8 26.Qc5 Qd6 27.Qxd6 cxd6 28.e5 Rc8 29.exd6
Rxc2 30.Rxa7 Rd2 31.Ra6 Rd1+ 32.Kh2 Rd2 33.Kg1 Rd1+ 34.Kh2 Rd2

[Event "StL-B-West 2002/03"]
[Site "Innsbruck / Rum"]
[Date "2003.03.23"]
[Round "11"]
[Board "2"]
[White "Bensch, Patrick"]
[Black "Bertagnolli, Alexander"]
[Result "0-1"]
[WhiteElo "2298"]
[BlackElo "2294"]
[PlyCount "44"]

1.e4 c5 2.Nf3 d6 3.d4 cxd4 4.Nxd4 Nf6 5.Nc3 a6 6.Bc4 b5 7.Bb3 Bb7 8.O-O e6 9.Re1
Nbd7 10.Bg5 Nc5 11.a3 Nxb3 12.cxb3 Be7 13.Qd2 h6 14.Bxf6 Bxf6 15.Rad1 O-O 16.a4
bxa4 17.bxa4 Rb8 18.b4 Qb6 19.b5 Rfc8 20.bxa6 Bxa6 21.Ncb5 Rc4 22.Re3 Bxd4

[Event "StL-B-West 2002/03"]
[Site "Innsbruck / Rum"]
[Date "2003.03.23"]
[Round "11"]
[Board "3"]
[White "Astl, Peter"]
[Black "Ager, Josef"]
[Result "1/2-1/2"]
[WhiteElo "2280"]
[BlackElo "2223"]
[PlyCount "95"]

1.d4 Nf6 2.Nf3 g6 3.c3 Bg7 4.Bf4 d6 5.h3 O-O 6.Nbd2 Nfd7 7.e3 e5 8.Bh2 Nc6 9.Be2
Qe7 10.Qc2 Rb8 11.O-O f5 12.dxe5 Ndxe5 13.Nd4 Kh8 14.Rae1 Bd7 15.Kh1 a6 16.f4
Nf7 17.Bf3 Nh6 18.Re2 Qf7 19.Qb3 Qxb3 20.N2xb3 Ng8 21.e4 Nxd4 22.Nxd4 c5 23.Nc2
Bb5 24.exf5 Bxe2 25.Bxe2 gxf5 26.Rd1 Nf6 27.Bf3 Rfe8 28.Rxd6 Rbd8 29.Rb6 Rd2
30.Na3 Ne4 31.Bg1 Re7 32.Nc4 Rd8 33.Ne3 Rf8 34.Nd5 Rd7 35.c4 Bd4 36.g4 Nd6 37.b3
Kg7 38.Kg2 Re8 39.Bf2 Nc8 40.Bxd4+ cxd4 41.Rb4 Ne7 42.Kf2 d3 43.Ne3 Kf8 44.c5
Nc6 45.Rxb7 Rxb7 46.Bxc6 Rbe7 47.Bxe8 Kxe8 48.Nc4

[Event "StL-B-West 2002/03"]
[Site "Innsbruck / Rum"]
[Date "2003.03.23"]
[Round "11"]
[Board "4"]
[White "Knechtel, Roland"]
[Black "Eybl, Alexander"]
[Result "0-1"]
[WhiteElo "2228"]
[BlackElo "2233"]
[PlyCount "68"]

1.d4 g6 2.c4 Bg7 3.Nc3 d6 4.e4 Nf6 5.Bd3 O-O 6.Nge2 c6 7.f3 e5 8.d5 b5 9.dxc6
bxc4 10.Bxc4 Nxc6 11.Be3 Na5 12.Bd3 Be6 13.b3 d5 14.exd5 Nxd5 15.Nxd5 Bxd5
16.Rc1 Qh4+ 17.Ng3 Qb4+ 18.Kf2 Rfd8 19.Bc5 Qh4 20.Qd2 Nc6 21.Rhd1 Bxf3 22.Kxf3
e4+ 23.Kf2 Rxd3 24.Qe2 Rad8 25.Kg1 Nd4 26.Qf1 Bh6 27.Bxd4 Bxc1 28.Rxd3 exd3
29.Bf6 Bg5 30.Bxd8 Qd4+ 31.Kh1 Bxd8 32.Qd1 Bb6 33.b4 h5 34.a4 a6

[Event "StL-B-West 2002/03"]
[Site "Innsbruck / Rum"]
[Date "2003.03.23"]
[Round "11"]
[Board "5"]
[White "Neuschmied, Siegfried"]
[Black "Spiesberger, Gerhard"]
[Result "1-0"]
[WhiteElo "2185"]
[BlackElo "2093"]
[PlyCount "82"]

1.e4 e5 2.Nf3 Nf6 3.Nxe5 d6 4.Nf3 Nxe4 5.d4 d5 6.Bd3 Be7 7.O-O O-O 8.Re1 Nf6
9.h3 Re8 10.Nbd2 Nbd7 11.c4 c6 12.a3 Nf8 13.c5 Qc7 14.b4 Ng6 15.Ne5 Nd7 16.Nxg6
hxg6 17.Nf3 Nf8 18.Ra2 Bd7 19.a4 Bf6 20.Be3 Bf5 21.Rae2 Be4 22.Bxe4 Rxe4 23.Nd2
Re6 24.Nb3 Rae8 25.b5 Qe7 26.Qd3 Bg5 27.Kf1 Bxe3 28.Rxe3 Qf6 29.Rxe6 Rxe6 30.Rb1
Re4 31.Re1 Rf4 32.f3 Ne6 33.Rd1 Qh4 34.Qe3 Ng5 35.Rd3 Rf6 36.Qf2 Qf4 37.Qe3 Qh2
38.Qxg5 Re6 39.Kf2 f6 40.Qc1 f5 41.Re3 Rxe3

[Event "StL-B-West 2002/03"]
[Site "Innsbruck / Rum"]
[Date "2003.03.23"]
[Round "11"]
[Board "6"]
[White "Fruehauf, Norbert"]
[Black "Kranewitter, Norbert"]
[Result "1/2-1/2"]
[WhiteElo "2082"]
[BlackElo "2146"]
[PlyCount "20"]

1.e4 c6 2.d4 d5 3.Nc3 b5 4.a3 dxe4 5.Nxe4 Bf5 6.Ng3 Bg6 7.Nf3 Nf6 8.Ne5 e6 9.Be2
Bd6 10.O-O Bxe5